000
00260nam a22001217a 4500
020
_a
0-7214-1571-7
082
_a
823
_b
HUN/R
100
_a
HUNIA FRAN
245
_a
BILLY GOATS GRUFF
260
_a
UK
_b
LADY BIRD
650
_a
ENGLISH SHORT STORY
_z
UK
942
_c
BK
999
_c
2101
_d
2101